|
|
|
|
| LEADER |
00859nam a22002177a 4500 |
| 001 |
AAL6785 |
| 003 |
BD-DhAAL |
| 005 |
20160219182543.0 |
| 008 |
160130s 2001bd a|||| |||| 00| 0 ben d |
| 020 |
|
|
|a 9844016827
|
| 040 |
|
|
|a BD-DhAAL
|c BD-DhAAL
|
| 082 |
|
|
|a 891/.4437
|
| 100 |
|
|
|a ইসলাম, রফিকুল
|9 17621
|
| 245 |
|
|
|a মুক্তির সোপানতলে /
|c রফিকুল ইসলাম
|
| 260 |
|
|
|a ঢাকা :
|b আগামী প্রকাশনী,
|c ২০০১.
|
| 300 |
|
|
|a ২৮০ পৃ. :
|b চিত্র ;
|c ২২ সে.মি.
|
| 541 |
|
|
|e 6785
|
| 650 |
|
|
|a Bengali fiction
|9 17622
|
| 942 |
|
|
|2 ddc
|c BK
|
| 999 |
|
|
|c 36716
|d 36716
|
| 952 |
|
|
|0 0
|1 0
|2 ddc
|4 0
|6 891_000000000000000__4437_ISL
|7 0
|9 57786
|a SCL
|b SCL
|c GEN
|d 2016-01-30
|g 250.00
|l 4
|m 2
|o 891.4437 ISL
|p 3020006785
|r 2023-12-06
|s 2023-12-04
|t 1
|w 2016-01-30
|y BK
|